000 01523nam a22002657a 4500
001 BRCA_9206
003 FranzMayer
005 20220809135010.0
008 220718b |||||||| |||| 00| 0 eng d
020 _a9783959050586
040 _bspa
_cMFM
041 _ager
_aeng
050 _aNX1.A1
_bB38 2015 v.7
245 _aBauhaus Ausgabe 7 Kollektiv = Bauhaus Issue 7 Collective
260 _aLeipzig, Alemania :
_bSpector Books
_c2015
300 _a218 p. :
_bil, fot. ;
_c21 x 29.5 cm.
500 _aUbicación: L59-N5
500 _aÍndice: pp. 4-6
500 _aRevista editada con formato de libro
520 _aLa revista recoge numerosos enfoques, pensamientos, ideas y proyectos en torno al status quo del colectivo en el arte, la arquitectura y el diseño. Aborda los modelos comunales y cooperativos en Bauhaus, el principio cooperativo de Hannes Meyer en la URSS y Chile y el anonimato y conflicto en los arquitectos colaborativos (TAC) de Gropius en los Estados Unidos. También habla sobre el vínculo entre Bauhaus y la próxima Bienal de Arquitectura de Venecia, por qué los arquitectos en España actualmente invierten más en prácticas de diseño colectivo y cómo las sociedades cooperativas no solo influyen en la identidad colectiva de los suizos, sino también en otros proyectos conjuntos en Alemania. - Texto de la revista
610 _aStiftung Bauhaus Dessau.
_vPublicaciones
_928458
650 _aDiseño
_xArte
_xHistoria
_vRevistas
_928459
651 _a
_928460
942 _2lcc
_cB
999 _c10825
_d10825